Pohľadávky a záväzky voči spoločníkom a združeniu v účtovníctve podnikateľov bakalárska práca

Salvato in:
Dettagli Bibliografici
Autore principale: Knotek, Martin
Ente Autore: Fakulta hospodárskej informatiky EU. Katedra účtovníctva a audítorstva
Altri autori: Sigetová, Katarína, 1995-
Natura: Libro
Lingua:slovacco
Pubblicazione: Bratislava 2023
Tags: Aggiungi Tag
Nessun Tag, puoi essere il primo ad aggiungerne!!

MARC

LEADER 00000nbm a2200000 4500
001 0302521
005 20250131101921.5
041 0 |a slo 
044 |a SK 
245 1 0 |a Pohľadávky a záväzky voči spoločníkom a združeniu v účtovníctve podnikateľov  |b bakalárska práca  |c Martin Knotek ; školiteľ: Katarína Sigetová 
264 1 |a Bratislava  |c 2023 
300 |a 42 s. 
100 1 |a Knotek, Martin 
700 1 |a Sigetová, Katarína, 1995- 
710 2 |a Fakulta hospodárskej informatiky EU. Katedra účtovníctva a audítorstva